00434nam a22001452 4500001001100000005001700011008004100028020002600069040001500095100003400110245004700144260003500191300001200226650005000238000000869320151217152039.0080514s xx 000 0 eng d a0802443265 :cKES 800 aKABUcKABU1 aWalvoord, John F.@000008590210aJesus Christ our Lord /cJohn F. Walvoord. aChicago :bMoody Press,c1969. a318 p. 0aJesus ChristxPerson and offices.@0000159087